Načítá se...

Prisoner 5990

Podrobná bibliografie
Hlavní autor: R.Balakrishnapilla
Vydáno: DCBooks
LEADER 00182 a2200097 4500
020
260 |b DCBooks 
942 |c BK  |6 _ 
245 |a Prisoner 5990 
100 |a R.Balakrishnapilla  
999 |c 63728  |d 63728